Liedtext - Mädchen auf dem Pferd - Luca-Dante Spadafora - Statistiken

Allgemein
  • Dieses Quiz wurde 312 mal gespielt
  • Das Durchschnittsergebnis liegt bei 236 aus 303
Antwortstatistiken
Antwort % Korrekt
Du
97%
du
97%
I
97%
ich
97%
Ich
97%
Mädchen,
97%
Mädchen
97%
und
96%
vor
96%
dich
95%
die
95%
hin,
95%
Komm,
95%
reiten
94%
sitzt
94%
Sonne
94%
wir
94%
hinten
93%
in
93%
vorne
93%
dein
92%
für
90%
Für
90%
halt
90%
fest
89%
mir
89%
werd'
89%
bis
87%
Bis
87%
Dann
87%
dann
87%
deinen
87%
Nam'n
87%
auf
86%
buchstabieren
86%
dem
86%
ihn
86%
Pferd,
86%
sag
86%
verlieren
86%
bist
85%
bist,
85%
das
85%
inhalieren
84%
nie
84%
Königin
78%
meine
78%
der
77%
hör'
76%
ein
71%
eh-eh-ey,
69%
bin
67%
Prinz,
67%
Prinz
67%
Loser
64%
wär
64%
ey,
63%
ey
63%
(Ey)
63%
(Hey,
63%
mich
62%
dir
61%
Herrn
61%
wärst
61%
eh-eh-ey,
60%
mach'
60%
zum
60%
Frosch
59%
an
58%
eine
58%
by
56%
Ken
56%
gern
55%
Weil
54%
Barbie,
53%
denn
53%
Denn
53%
dieser
52%
total
52%
Kochkurs
51%
Bieber
50%
Justin
50%
chinesisch,
49%
Man,
49%
Nerd,
49%
Frühstück
48%
gestört
48%
lern'
48%
Bei
47%
Doch
47%
frisst
47%
'nen
47%
alles
46%
Badewasser
44%
fall'
44%
ist,
44%
leer
44%
vom
44%
am
43%
machen
43%
verschwunden
43%
von
42%
es
41%
Iron
41%
sauf'
41%
you
41%
mehr
40%
würd
40%
lost
39%
aus
38%
blubber'
38%
deinem
38%
Ross,
38%
Schloss
38%
übrig
38%
vergisst,
38%
Yeah,
38%
yeah
38%
bau'
37%
Sand
37%
steig
37%
without
37%
danach
35%
nix
31%
schaffen,
30%
Irgendwann
27%
Luca)
26%
b-beats
19%
Keine übereinstimmenden Quizze gefunden
Verteilung der Resultate
Anzahl Personen mit jedem Resultat
Perzentil nach korrekt beantworteten Fragen
Ihre Resultats-Entwicklung
Sie haben dieses Quiz noch nicht gespielt